[Event "37th Nezhmetdinov Cup"]
[Site "Kazan RUS"]
[Date "2015.06.01"]
[Round "2.21"]
[White "Severina,M"]
[Black "Balashov,Y"]
[Result "1-0"]
[WhiteElo "2212"]
[BlackElo "2443"]

1.d4 Nf6 2.c4 e6 3.Nf3 c5 4.d5 exd5 5.cxd5 d6 6.Nc3 g6 7.Bf4 a6 8.a4 Bg7
9.h3 O-O 10.e3 Qe7 11.Be2 Nbd7 12.O-O Ne8 13.Re1 Rb8 14.Bg5 f6 15.Bh4 Nc7
16.Nd2 Ne5 17.f4 Nf7 18.e4 b5 19.axb5 Nxb5 20.Nxb5 axb5 21.Bf1 Qc7 22.Nf3 Re8
23.Bg3 Bd7 24.Kh1 Re7 25.Ra6 Rb6 26.Ra8+ Re8 27.Rxe8+ Bxe8 28.b4 c4 29.Nd4 Ra6
30.Ne6 Qa7 31.Kh2 Bh6 32.f5 Ne5 33.Be2 Bg7 34.Rf1 Bh6 35.Bh4 Nd7 36.Bg4 Ra2
37.fxg6 hxg6  1-0

[Event "37th Nezhmetdinov Cup"]
[Site "Kazan RUS"]
[Date "2015.06.02"]
[Round "3.27"]
[White "Ovchinnikov,Vsevolod"]
[Black "Safiullin,R"]
[Result "1-0"]
[WhiteElo "2248"]
[BlackElo "1990"]

1.d4 Nf6 2.c4 c5 3.d5 e6 4.Nc3 exd5 5.cxd5 d6 6.Nf3 g6 7.e4 Bg7 8.Be2 a6
9.a4 Bg4 10.O-O O-O 11.h3 Bxf3 12.Bxf3 Nbd7 13.Bf4 Qc7 14.Rc1 Qb6 15.a5 Qc7
16.b4 Rfe8 17.Re1 Ne5 18.Bxe5 Rxe5 19.Na4 Nd7 20.Bg4 f5 21.exf5 gxf5 22.Rxe5 Bxe5
23.Bxf5 Nf6 24.Rc4 Qd8 25.bxc5 Qxa5 26.f4 Qb5 27.Bd3 Bb2 28.Qe2 Re8 29.Qxb2 Qxb2
30.Nxb2 Nxd5 31.Rd4 Nxf4 32.Rxf4 dxc5 33.Na4 Re1+ 34.Kf2 Rc1 35.Rc4 Rd1 36.Be2 Rd6
37.Nxc5 b5 38.Rf4  1-0

[Event "37th Nezhmetdinov Cup"]
[Site "Kazan RUS"]
[Date "2015.06.03"]
[Round "4.11"]
[White "Ovchinnikov,Yury"]
[Black "Shariyazdanov,A"]
[Result "1-0"]
[WhiteElo "2249"]
[BlackElo "2535"]

1.d4 Nf6 2.c4 e6 3.Nf3 c5 4.d5 exd5 5.cxd5 d6 6.Nc3 g6 7.e4 Bg7 8.Be2 O-O
9.O-O Bg4 10.h3 Bxf3 11.Bxf3 a6 12.a4 Nbd7 13.Bf4 Qe7 14.Re1 Rab8 15.Be2 Ne8
16.Qd2 Nc7 17.Bf1 Rfc8 18.Bg3 g5 19.Nd1 Ne8 20.Ne3 Be5 21.Nf5 Qf6 22.Bxe5 Nxe5
23.Ra3 h6 24.h4 g4 25.Qxh6 Qxh6 26.Nxh6+ Kh7 27.Nf5 Rd8 28.f4 gxf3 29.gxf3 Ng6
30.Kf2 Ng7 31.Bh3 Nf4 32.Bg4 c4 33.Kg3 Nd3 34.Re2 b5 35.axb5 axb5 36.Ra7 Nxf5+
37.Bxf5+ Kg7 38.f4 Kf6 39.Kf3 Rh8 40.Rh2 Rh6 41.Ra6 Kg7 42.Rc6 Nb4 43.h5 Ra8
44.Rb6 c3 45.bxc3 Ra3 46.Rxb5 Rxc3+ 47.Kg4 Nc2 48.Rb7 Ne3+ 49.Kg5 Rc1 50.Be6 Rg1+
51.Kh4 Rf6 52.Rf2 Ng2+ 53.Kg3 Nxf4+ 54.Kh2 Rg5 55.Bxf7 Kh6 56.Bg6 Nxh5 57.Rxf6 Nxf6
58.Bf5 Rg8 59.Rb6 Re8 60.Kg3 Nxe4+ 61.Kf4 Nf6 62.Rxd6 Kg7 63.Be6 Ra8 64.Rb6 Ra1
65.Rb7+ Kg6 66.Bf5+ Kh6 67.d6 Rd1 68.Ke5 Nd5 69.Be4 Nf6 70.Bf3 Rd3 71.Rf7 Nh7
72.Rxh7+  1-0

[Event "24th Guillermo Garcia Open 2015"]
[Site "Santa Clara CUB"]
[Date "2015.06.03"]
[Round "1.18"]
[White "Diaz Del Valle,Laura Beatriz"]
[Black "Perez Rodriguez,Cesar Alejandro"]
[Result "0-1"]
[WhiteElo "1946"]
[BlackElo "2231"]

1.d4 Nf6 2.c4 c5 3.d5 e6 4.Nc3 exd5 5.cxd5 d6 6.Nf3 g6 7.Bf4 Bg7 8.e3 O-O
9.Be2 Bg4 10.h3 Bxf3 11.Bxf3 a6 12.a4 Qe7 13.O-O Nbd7 14.Rb1 Rfc8 15.Bh2 Rab8
16.a5 Ne8 17.Bg4 f5 18.Be2 c4 19.Qd2 Qd8 20.Ra1 Rc5 21.Rfc1 Rbc8 22.Nd1 Be5
23.f4 Bg7 24.Ra4 c3 25.Nxc3 Rxa5 26.Rb4 Rc7 27.e4 Qc8 28.exf5 gxf5 29.Re1 Rxc3
30.bxc3 Bxc3 31.Rc4 Qxc4 32.Bxc4 Bxd2 33.Rxe8+ Kf7 34.Re2 Ra1+ 35.Kf2 Nc5
36.Rxd2 Ne4+ 37.Ke2 Nxd2 38.Kxd2 b5 39.Bb3 a5 40.Bg3 Ra3 41.Bc2 Rxg3 42.Bxf5 a4
43.Be4 a3 44.Kc2 a2 45.Kb2 Ra3  0-1

[Event "37th Nezhmetdinov Cup"]
[Site "Kazan RUS"]
[Date "2015.06.06"]
[Round "7.39"]
[White "Koshil,T"]
[Black "Kurninov,A"]
[Result "1-0"]
[WhiteElo "1968"]
[BlackElo "1763"]

1.d4 c5 2.d5 Nf6 3.c4 e6 4.Nc3 exd5 5.cxd5 d6 6.Nf3 g6 7.g3 Bg7 8.Bg2 a6
9.a4 O-O 10.O-O Re8 11.Nd2 Qc7 12.Nc4 Ng4 13.a5 Ne5 14.Nb6 Ra7 15.Nxc8 Rxc8
16.f4 Nc4 17.Qa4 Bd4+ 18.Kh1 b5 19.axb6 Nxb6 20.Qa5 Nc4 21.Qa2 Ne3 22.Bxe3 Bxe3
23.Nb5 Qd7 24.Nxa7 Qxa7 25.Qc4 Qb6 26.Ra3 Re8 27.Qa4 Re7 28.Rb3 Qa7 29.Qa5 Re8
30.Qb6 c4 31.Qxa7 Bxa7 32.Rb7 Bd4 33.e4 a5 34.Rc1 Rc8 35.Bh3 f5 36.exf5 Re8
37.fxg6 hxg6 38.Be6+ Kh8 39.Rxc4 Bc5 40.f5 g5 41.h4  1-0

[Event "XVIII Rhein-Main-Open"]
[Site "Bad Homburg GER"]
[Date "2015.06.07"]
[Round "7.55"]
[White "Varho,Ilkka"]
[Black "Witt,H"]
[Result "1-0"]
[WhiteElo "1931"]
[BlackElo "1645"]

1.d4 Nf6 2.c4 e6 3.Nf3 c5 4.d5 exd5 5.cxd5 d6 6.Nc3 a6 7.a4 g6 8.e4 Bg4 9.h3 Bxf3
10.Qxf3 Nbd7 11.Be2 Bg7 12.O-O O-O 13.Qg3 Qe7 14.Bd3 Rfe8 15.Qh4 Ne5 16.Bc2 Qf8
17.Bd2 b6 18.Rab1 Nfd7 19.b3 c4 20.Ne2 Nc5 21.b4 Ncd3 22.Qg3 Rac8 23.f4 Nd7
24.Bxd3 cxd3 25.Qxd3 Qe7 26.Ng3 h5 27.Rfe1 Qh4 28.Rbc1 Bb2 29.Rxc8 Rxc8 30.Kh2 Kh7
31.Qxa6 Nf6 32.Qxc8 Ng4+ 33.Kh1 Qxg3 34.hxg4 Bd4 35.gxh5  1-0

[Event "XVIII Rhein-Main-Open"]
[Site "Bad Homburg GER"]
[Date "2015.06.07"]
[Round "7.9"]
[White "Schmid,R GER"]
[Black "Flach,E"]
[Result "1-0"]
[WhiteElo "2322"]
[BlackElo "2139"]

1.d4 Nf6 2.c4 c5 3.d5 e6 4.Nc3 exd5 5.cxd5 d6 6.Nf3 g6 7.Bf4 a6 8.a4 Bg7
9.e3 O-O 10.h3 Ne8 11.Be2 Nd7 12.O-O Qe7 13.Nd2 Rb8 14.Nc4 b6 15.Qd2 f5 16.Bh2 Ne5
17.Na3 Nf6 18.Rab1 Ne4 19.Qc2 Qh4 20.f4 Nd7 21.Nxe4 fxe4 22.Nc4 Nf6 23.Nxd6 Bxh3
24.gxh3 Qxh3 25.Nxe4 Qxe3+ 26.Nf2 b5 27.axb5 axb5 28.Rfe1 Rfe8 29.Bf1 Qd4
30.Rxe8+ Nxe8 31.Qe4 Qxe4 32.Nxe4 c4 33.Bh3 Nf6 34.Be6+ Kf8 35.f5 Ra8 36.Bd6+ Ke8
37.Nc3 gxf5 38.Nxb5 Ra5 39.Nc7+ Kd8 40.Bxf5 Nxd5 41.Ne6+ Kd7 42.Bg3 Bf6 43.Re1 Ne7
44.Bh3 Nf5 45.Bf4 Bxb2 46.Nf8+ Kd8 47.Bg5+ Kc7 48.Re8 Bd4+ 49.Kg2 Ra2+ 50.Kf3 Ra3+
51.Kg4 Ne3+ 52.Kh4 Ba7 53.Ne6+ Kd6 54.Be7+ Kd7 55.Ng7+  1-0

[Event "24th Guillermo Garcia Open 2015"]
[Site "Santa Clara CUB"]
[Date "2015.06.08"]
[Round "6.12"]
[White "Fernandez Rivero,Karla July"]
[Black "Aguilera Rodriguez,Alfredo R."]
[Result "0-1"]
[WhiteElo "2023"]
[BlackElo "2308"]

1.d4 c5 2.d5 Nf6 3.c4 e6 4.Nc3 exd5 5.cxd5 d6 6.Nf3 g6 7.Bf4 Bg7 8.Qa4+ Bd7
9.Qc2 Qe7 10.e3 O-O 11.Bd3 Bg4 12.Nd2 Nh5 13.O-O a6 14.a4 Bc8 15.Rfe1 Nd7
16.Nc4 Ne5 17.Bxe5 Bxe5 18.Nxe5 Qxe5 19.f4 Qe7 20.f5 Nf6 21.Qe2 Qe5 22.Qf3 Bd7
23.Rf1 Rae8 24.Rae1 Kg7 25.e4 c4 26.Bc2 b5 27.a5 b4 28.Nd1 Bb5 29.Re3 c3
30.Rf2 cxb2 31.Bb1 Rc8 32.Rxb2 Rc1 33.Rxb4 Nxd5 34.exd5 Rxd1+ 35.Qxd1 Qxe3+
36.Kh1 Rc8 37.f6+ Kg8 38.Re4 Rc1  0-1

[Event "8th Mayors Cup Open 2015"]
[Site "Mumbai IND"]
[Date "2015.06.09"]
[Round "10.16"]
[White "Bhakti,K"]
[Black "Pantsulaia,L"]
[Result "0-1"]
[WhiteElo "2256"]
[BlackElo "2616"]

1.d4 Nf6 2.c4 c5 3.d5 e6 4.Nc3 exd5 5.cxd5 d6 6.Nf3 g6 7.Nd2 Nbd7 8.e4 Bg7
9.Be2 O-O 10.O-O Re8 11.Qc2 Ne5 12.a4 Bg4 13.f3 Bd7 14.f4 Neg4 15.Nc4 Nxe4
16.Nxe4 Bd4+ 17.Kh1 Nxh2 18.Rd1 Rxe4 19.Qxe4 Bf5 20.Rxd4 Bxe4 21.Rxe4 Qh4
22.Kg1 h5 23.Ra3 Ng4 24.Bxg4 hxg4 25.Nxd6 g3 26.Be3 Rd8 27.Nb5 Rxd5 28.Nc3 Rd3
29.Kf1 Rxe3 30.Rxe3 Qxf4+ 31.Ke2 Qf2+ 32.Kd3 c4+ 33.Kd4 Qd2+ 34.Kxc4 Qxe3
35.b4 Qe6+ 36.Kd4 Qb6+  0-1

[Event "Maharashtra TChIND League"]
[Site "Pune IND"]
[Date "2015.06.12"]
[Round "4.4"]
[White "Pujari,R"]
[Black "Kulkarni,Vikramaditya"]
[Result "1-0"]
[WhiteElo "2141"]
[BlackElo "2322"]

1.d4 c5 2.d5 Nf6 3.c4 e6 4.Nc3 exd5 5.cxd5 d6 6.Nf3 g6 7.g3 Bg7 8.Bg2 O-O
9.O-O a6 10.a4 Nbd7 11.Bf4 Qc7 12.e4 Re8 13.Re1 Nh5 14.Bd2 b6 15.g4 Nhf6
16.h3 Rb8 17.Bf4 h5 18.e5 dxe5 19.d6 Qd8 20.Nxe5 Nxe5 21.Bxe5 hxg4 22.hxg4 Bxg4
23.Qd2 Bd7 24.Bg3 Nh5 25.Rxe8+ Qxe8 26.Re1 Qf8 27.Nd5 Nxg3 28.Ne7+ Kh7 29.fxg3 Bd4+
30.Kf1 Bxa4 31.Bd5 Rd8 32.Kg2 Bg7 33.Rh1+ Bh6 34.Bxf7 Rxd6 35.Bg8+ Kh8 36.Rxh6+ Kg7
37.Rh7+ Kf6 38.Qxd6+  1-0

[Event "19th Voronezh Master Open"]
[Site "Voronezh RUS"]
[Date "2015.06.12"]
[Round "1.57"]
[White "Pogosyan,Stefan"]
[Black "Kostromin,M"]
[Result "1-0"]
[WhiteElo "1998"]
[BlackElo "2327"]

1.d4 Nf6 2.c4 e6 3.Nc3 c5 4.d5 exd5 5.cxd5 d6 6.Nf3 g6 7.Nd2 Nbd7 8.e4 Bg7
9.Be2 O-O 10.O-O Re8 11.Qc2 Ne5 12.h3 g5 13.Nf3 Nxf3+ 14.Bxf3 g4 15.hxg4 Bxg4
16.Qe2 h5 17.Bf4 a6 18.a4 Nxe4 19.Nxe4 f5 20.Qd3 fxe4 21.Bxe4 Qf6 22.g3 Qxb2
23.Rab1 Be2 24.Qe3 Qa2 25.Rfe1 Bg4 26.Rxb7 Bf5 27.Rxg7+ Kxg7 28.Bh6+ Kh8
29.Qg5 Ra7 30.Qxf5 Qb2 31.Bg5 Qb4 32.Bf6+ Kg8 33.Qg5+ Kf8 34.Qh6+ Kg8 35.Qh8+  1-0

[Event "Maharashtra TChIND KO"]
[Site "Pune IND"]
[Date "2015.06.13"]
[Round "1"]
[White "Swayams,M"]
[Black "Rathnakaran,K"]
[Result "1-0"]
[WhiteElo "2439"]
[BlackElo "2424"]

1.d4 Nf6 2.c4 c5 3.d5 e6 4.Nc3 exd5 5.cxd5 d6 6.Nf3 g6 7.Bf4 a6 8.a4 Bg7
9.h3 O-O 10.e3 Ne8 11.Be2 Nd7 12.O-O b6 13.Nd2 Ne5 14.Bg3 f5 15.f4 Nf7 16.Nc4 Ra7
17.Qb3 Rb7 18.Kh1 Nf6 19.Bf3 Re8 20.Bh4 h6 21.Qc2 g5 22.fxg5 hxg5 23.Bf2 g4
24.hxg4 fxg4 25.Be2 b5 26.axb5 axb5 27.Na5 b4 28.Nxb7 Bxb7 29.Bh4 bxc3 30.Bxf6 cxb2
31.Qxb2 Bxd5 32.Bxg4 Bxf6 33.Rxf6 Ne5 34.Raf1 Kg7  1-0

[Event "3rd Cesme Open 2015"]
[Site "Cesme TUR"]
[Date "2015.06.17"]
[Round "4.5"]
[White "Esen,B"]
[Black "Ataman,A"]
[Result "1-0"]
[WhiteElo "2563"]
[BlackElo "2164"]

1.d4 Nf6 2.c4 c5 3.d5 e6 4.Nc3 exd5 5.cxd5 d6 6.Nf3 g6 7.Nd2 Bg7 8.e4 O-O
9.Be2 Re8 10.O-O Nbd7 11.Qc2 a6 12.a4 Ne5 13.Re1 Nfg4 14.Bxg4 Nxg4 15.h3 Ne5
16.f4 Qh4 17.Rf1 Bxh3 18.fxe5 Bxg2 19.Kxg2 Qg4+ 20.Kf2 Bxe5 21.Nf3 Bg3+ 22.Kg1 f5
23.Qg2 f4 24.e5 dxe5 25.Ne4 Rf8 26.Nxe5 Qh4 27.Nxg3 fxg3 28.Be3 Rfe8 29.Bf4 Rad8
30.Rad1  1-0

[Event "29th Pula Open 2015"]
[Site "Pula CRO"]
[Date "2015.06.18"]
[Round "7.7"]
[White "Jovanic,O"]
[Black "Krebs,Jo"]
[Result "1/2-1/2"]
[WhiteElo "2466"]
[BlackElo "2272"]

1.d4 Nf6 2.c4 c5 3.d5 e6 4.Nc3 exd5 5.cxd5 d6 6.Nf3 g6 7.Bf4 a6 8.a4 Bg7
9.h3 O-O 10.e3 Ne8 11.Be2 Nd7 12.O-O Rb8 13.Nd2 Ne5 14.a5 b5 15.axb6 Rxb6
16.Bxe5 dxe5 17.Nc4 Rb4 18.d6 Nf6 19.Nxe5 Rxb2 20.Nc6 Qd7 21.Bf3 Rb6 22.Ne7+ Kh8
23.Nxc8 Rxc8 24.Qe2 c4 25.e4 Rxd6 26.e5 Rd2 27.exf6 Bxf6 28.Bg4 Qd8 29.Rad1 Rxe2
30.Rxd8+ Rxd8 31.Nxe2 Bb2 32.Nc1 Rd2 33.Re1 Kg7 34.Be2 Bxc1 35.Bxc4 Rc2  1/2-1/2

[Event "19th Voronezh Master Open"]
[Site "Voronezh RUS"]
[Date "2015.06.18"]
[Round "7.28"]
[White "Sorokin,Aleksey"]
[Black "Baltabaev,T"]
[Result "1-0"]
[WhiteElo "2383"]
[BlackElo "2240"]

1.d4 Nf6 2.c4 e6 3.Nc3 c5 4.d5 exd5 5.cxd5 d6 6.Nf3 g6 7.Bf4 a6 8.a4 Bg7
9.h3 O-O 10.e3 Qe7 11.Be2 Nbd7 12.O-O Ne8 13.Nd2 Ne5 14.a5 f5 15.Re1 Nc7
16.Bh2 Bd7 17.Qb3 Rab8 18.Kh1 Rfe8 19.f4 Nf7 20.Bd3 Qf6 21.Ra2 Kh8 22.Nf3 Qd8
23.Raa1 Na8 24.Qc2 Qc8 25.Nd2 b5 26.axb6 Rxb6 27.e4 fxe4 28.Bxe4 Qd8 29.Bd3 Nc7
30.Rxe8+ Qxe8 31.Nc4 Rb4 32.f5 Bxf5 33.Nxd6 Nxd6 34.Bxd6 Bxd3 35.Qxd3 Nb5
36.Bxc5 Rxb2 37.d6 Nxd6 38.Qxd6 Qb8 39.Qd3 h6 40.Bd4 Rb7 41.Bxg7+ Rxg7 42.Qxa6 Qe5
43.Qd3 Kh7 44.Rf1 Rg8 45.Ne4 Kg7 46.Qc3 Qxc3 47.Nxc3  1-0

[Event "8th Sveins Memorial"]
[Site "Oslo NOR"]
[Date "2015.06.20"]
[Round "2.10"]
[White "Olsen,Robin"]
[Black "Haubro,M"]
[Result "1/2-1/2"]
[WhiteElo "2029"]
[BlackElo "2364"]

1.d4 Nf6 2.c4 c5 3.d5 e6 4.Nc3 exd5 5.cxd5 d6 6.Nf3 g6 7.Bf4 a6 8.a4 Bg7
9.e4 O-O 10.Be2 Bg4 11.h3 Bxf3 12.Bxf3 Qc7 13.O-O Nbd7 14.Qc2 Rab8 15.a5 Rfe8
16.Be2 Re7 17.Rfe1 Rbe8 18.Bf1 Nh5 19.Bg5 Re5 20.Bd2 R5e7 21.g4 Nhf6 22.g5 Nh5
23.Be2 Bxc3 24.Qxc3 Rxe4 25.Bxh5 Rxe1+ 26.Rxe1 Rxe1+ 27.Bxe1 gxh5 28.Qe3 Ne5
29.f4 Ng6 30.Qe8+ Nf8 31.f5 Qd7 32.Qe4 Qb5 33.Bc3 Qb3 34.Kf2 Qd1 35.Kg2 h4
36.Kf2 Qc1 37.g6 hxg6 38.Qxh4 Qc2+ 39.Ke1 Qc1+ 40.Ke2 Qc2+ 41.Ke1 Qc1+ 42.Ke2  1/2-1/2

[Event "19th Voronezh Master Open"]
[Site "Voronezh RUS"]
[Date "2015.06.20"]
[Round "9.22"]
[White "Peskov,A"]
[Black "Kostromin,M"]
[Result "1-0"]
[WhiteElo "2414"]
[BlackElo "2327"]

1.d4 Nf6 2.c4 e6 3.Nc3 c5 4.d5 exd5 5.cxd5 d6 6.Nf3 g6 7.e4 Bg7 8.Be2 O-O
9.Nd2 Nbd7 10.O-O Re8 11.Qc2 Ne5 12.b3 Nh5 13.Bxh5 gxh5 14.Bb2 f5 15.exf5 Rf8
16.Nce4 Bxf5 17.f4 Ng4 18.Bxg7 Kxg7 19.Qc3+ Kh6 20.Rae1 Nf6 21.Ng5 Nxd5 22.Qf3 Nxf4
23.h4 Ng6 24.Qe3  1-0

[Event "4th MTS GM 2015"]
[Site "Izmir TUR"]
[Date "2015.06.23"]
[Round "1.2"]
[White "Abdullayev,A"]
[Black "Ataman,A"]
[Result "0-1"]
[WhiteElo "2088"]
[BlackElo "2164"]

1.d4 Nf6 2.c4 c5 3.d5 e6 4.Nc3 exd5 5.cxd5 d6 6.Nf3 g6 7.Bf4 a6 8.a4 Bg7
9.h3 O-O 10.e3 Qe7 11.Be2 Nbd7 12.O-O Ne8 13.e4 Ne5 14.Nxe5 Bxe5 15.Bxe5 dxe5
16.Qb3 Qc7 17.a5 Nd6 18.f3 Bd7 19.Rfc1 Rac8 20.Qa3 f5 21.exf5 gxf5 22.Nd1 Bb5
23.Qe3 Bxe2 24.Qxe2 Nb5 25.b4 c4 26.Ne3 c3 27.Qd3 Nd4 28.f4 Qg7 29.fxe5 Nf3+
30.Kh1 Nxe5 31.Qd4 f4 32.Nc2 Rc4 33.Qg1 Kh8 34.Rf1 Qd7 35.Rad1 f3 36.Qh2 Rcf4
37.g4 Nc4 38.Rd4 Rxd4 39.Nxd4 Qxd5 40.Nf5 f2+ 41.Qg2 Qxg2+ 42.Kxg2 Rxf5 43.gxf5 Ne3+
44.Kxf2 Nxf1 45.Ke2 c2  0-1

[Event "4th MTS GM 2015"]
[Site "Izmir TUR"]
[Date "2015.06.24"]
[Round "3.3"]
[White "Kozul,Z"]
[Black "Ataman,A"]
[Result "1-0"]
[WhiteElo "2625"]
[BlackElo "2164"]

1.d4 Nf6 2.c4 c5 3.d5 e6 4.Nc3 exd5 5.cxd5 d6 6.Nf3 g6 7.Bf4 a6 8.a4 Bg7
9.e4 Bg4 10.Be2 Bxf3 11.Bxf3 O-O 12.O-O Qe7 13.Re1 Nbd7 14.a5 Ne8 15.Qd2 Nc7
16.Be2 Rab8 17.Na4 Nb5 18.Bg4 Ne5 19.Bd1 Rfe8 20.Nb6 Nd4 21.Bxe5 Bxe5 22.f4 Bg7
23.Nc4 Rbd8 24.Ba4 Rf8 25.Ra3 Qh4 26.Rd3 f5 27.g3 Qh3 28.Qg2 Qxg2+ 29.Kxg2 fxe4
30.Rxe4 Rf5 31.Rde3 Rxd5 32.Re8+ Rxe8 33.Rxe8+ Kf7 34.Rb8 Nf5 35.Rxb7+ Kf8
36.Bb5 Rd4 37.Bxa6 d5 38.Bb5 dxc4 39.a6 Rd1 40.Rb8+ Ke7 41.Re8+ Kf7 42.a7 Ra1
43.a8=Q Rxa8 44.Rxa8 Nd6 45.Rb8 c3 46.bxc3 Bxc3 47.Rb6 Ke7 48.Rc6 Bd4 49.Rc7+ Kf6
50.Bd3 h6 51.h4 g5 52.fxg5+ hxg5 53.h5 c4 54.Bxc4 Nf5 55.Bd3 Ne3+ 56.Kf3 Ke5
57.Re7+  1-0

[Event "4th MTS GM 2015"]
[Site "Izmir TUR"]
[Date "2015.06.24"]
[Round "4.5"]
[White "Abdullayev,A"]
[Black "Pantsulaia,L"]
[Result "0-1"]
[WhiteElo "2088"]
[BlackElo "2616"]

1.d4 Nf6 2.c4 c5 3.d5 e6 4.Nc3 exd5 5.cxd5 d6 6.Nf3 g6 7.Bf4 a6 8.a4 Bg7
9.h3 O-O 10.e3 Re8 11.Be2 Ne4 12.Qb3 Nd7 13.O-O Ndf6 14.Nxe4 Rxe4 15.Bc4 Nh5
16.Nd2 Nxf4 17.Nxe4 Nxg2 18.Kxg2 Qh4 19.Ng3 Bxh3+ 20.Kg1 f5 21.Rfe1 Be5 22.Qc2 Bxg3
23.fxg3 Qxg3+ 24.Kh1 Re8 25.Bf1 Re4 26.Re2 Bg4 27.Bg2 Bxe2 28.Bxe4 Qh3+ 29.Kg1 Qxe3+
30.Kh2 fxe4  0-1

[Event "Ceske Budejovice Open"]
[Site "Ceske Budejovice CZE"]
[Date "2015.06.25"]
[Round "7.7"]
[White "Kantorik,M"]
[Black "Lechtynsky,J"]
[Result "1/2-1/2"]
[WhiteElo "2242"]
[BlackElo "2375"]

1.d4 Nf6 2.c4 e6 3.Nf3 c5 4.d5 exd5 5.cxd5 d6 6.Nc3 g6 7.g3 Bg7 8.Bg2 O-O
9.O-O a6 10.a4 Nbd7 11.Bf4 Qe7 12.h3 Rb8 13.Qd3 Nh5 14.Bg5 f6 15.Bd2 f5 16.Ng5 f4  1/2-1/2

[Event "Silver Lake Open B 2015"]
[Site "Veliko Gradiste SRB"]
[Date "2015.06.25"]
[Round "6.6"]
[White "Cvetanovic,Damjan"]
[Black "Budisavljevic,Luka"]
[Result "0-1"]
[WhiteElo "1967"]
[BlackElo "1835"]

1.d4 Nf6 2.Nf3 c5 3.d5 e6 4.c4 d6 5.Nc3 exd5 6.cxd5 g6 7.Bf4 Bg7 8.e3 a6
9.a4 Bg4 10.Be2 Bxf3 11.Bxf3 Qe7 12.O-O Nbd7 13.a5 O-O 14.Qc2 Ne8 15.e4 Nc7
16.Rfe1 Be5 17.Be3 b5 18.axb6 Nxb6 19.Be2 Qf6 20.g3 Rfb8 21.Red1 Nd7 22.f4 Bxc3
23.bxc3 Nb5 24.Bd2 Rb6 25.Rdb1 Rab8 26.Qd3 c4 27.Qxc4 Na3 28.Rxa3 Rxb1+ 29.Kg2 Qe7
30.Be3 Nf6 31.Bf3 R8b2+ 32.Bf2 Qa7 33.Qd4 Qxd4 34.cxd4 Rd2 35.e5 Ne8 36.Rxa6 Rbb2
37.Ra8 Rxf2+ 38.Kh3 Rxf3 39.exd6 Rb7 40.Rxe8+ Kg7 41.Rd8 Kf6 42.Kh4 Rb5 43.h3 Rb4
44.g4 Rxf4  0-1

[Event "19th Pirc Open 2015"]
[Site "Maribor SLO"]
[Date "2015.06.26"]
[Round "2.9"]
[White "Spalir,J"]
[Black "Urbanc,P"]
[Result "1-0"]
[WhiteElo "2361"]
[BlackElo "2070"]

1.d4 Nf6 2.c4 c5 3.d5 e6 4.Nc3 exd5 5.cxd5 d6 6.Nf3 g6 7.Bf4 a6 8.a4 Bg7
9.h3 O-O 10.e3 Re8 11.Nd2 Nbd7 12.Be2 Ne5 13.O-O b6 14.Bh2 Rb8 15.Re1 b5
16.axb5 axb5 17.Bxb5 Bd7 18.Be2 g5 19.Bxe5 dxe5 20.Nc4 Bf5 21.Ra5 Rxb2 22.Rxc5 Rb7
23.Na5 Rc7 24.Nc6 Qd6 25.Rc4 Rb7 26.e4 Bd7 27.Qa4 Rc8 28.Nb5 Qf8 29.Qa6 Bxc6
30.Rxc6 Rxc6 31.dxc6 Rb8 32.c7 Rc8 33.Rc1 Nxe4 34.Na7 Nd6 35.Nxc8 Nxc8 36.Bg4  1-0

[Event "US Junior Girls 2015"]
[Site "Tulsa USA"]
[Date "2015.06.26"]
[Round "9.1"]
[White "Feng,Maggie"]
[Black "Eswaran,Ashritha"]
[Result "0-1"]
[WhiteElo "2008"]
[BlackElo "1986"]

1.d4 Nf6 2.c4 e6 3.Nf3 c5 4.d5 exd5 5.cxd5 d6 6.Nc3 g6 7.Bf4 a6 8.a4 Bg7
9.h3 O-O 10.e3 Ne8 11.Be2 Nd7 12.Nd2 Ne5 13.O-O f5 14.Bg3 Qe7 15.Re1 Nf6
16.f4 Nf7 17.Nc4 Qc7 18.a5 Bd7 19.Qb3 Rae8 20.Bf3 Nh6 21.Bf2 Kh8 22.Nd2 Nf7
23.Qc4 Rc8 24.Ra3 Rb8 25.b4 Rfc8 26.bxc5 Qxc5 27.Qxc5 dxc5 28.Nc4 Bb5 29.Ne5 Nd6
30.e4 Bf8 31.Raa1 Kg7 32.exf5 Nxf5 33.g4 Nd6 34.Bh4 Nfe8 35.Nxb5 axb5 36.Nd7 b4
37.Nxb8 Rxb8 38.Reb1 Nc4 39.Be2 Na3 40.Rc1 Ra8 41.a6 bxa6 42.Bf2 Nc7 43.Bxc5 Nxd5
44.Bf3 Nc3 45.Bxb4 Bxb4 46.Bxa8 Ne2+ 47.Kf2 Nxf4 48.Rc7+ Kf6 49.Bg2 a5 50.Rxh7 Nc2
51.Rd1 Bc5+ 52.Kg3 Nxg2 53.Rd5 Bb4 54.Rb5 Nge3 55.Ra7 Bd6+ 56.Kf2 Nd1+ 57.Kf1 Nde3+
58.Kg1 Nc4 59.Ra6 Nb4 60.Ra8 Nd3 61.Rc8 Nde5 62.g5+ Ke6 63.h4 Kd7 64.Rh8 a4
65.Ra8 a3 66.Rb7+ Ke6 67.Ra6 Nf3+ 68.Kf2 Nxh4 69.Ra4 Kd5 70.Rb1 Bc5+ 71.Ke2 Nf5
72.Rc1 Nd4+ 73.Ke1 Nb2 74.Rxa3 Bxa3 75.Rc8 Nc4 76.Rg8 Ne5 77.Kf2 Ndf3 78.Kg3 Nxg5
79.Ra8 Ne4+ 80.Kg2 Bd6 81.Ra5+ Ke6 82.Ra6 Kf5 83.Ra1 Nd3 84.Ra5+ Be5 85.Ra8 Nf4+
86.Kg1 g5 87.Rf8+ Kg4 88.Re8 Bd4+ 89.Kf1 Kf3 90.Ke1 g4 91.Rg8 g3 92.Kd1 Nf2+
93.Kc2 Ng4 94.Ra8 g2 95.Kb3 g1=Q 96.Re8 Qb1+ 97.Kc4 Qd3+ 98.Kb4 Nd5+ 99.Ka5 Bb6+
100.Ka4 Qc4+ 101.Ka3 Qb4+ 102.Ka2 Nc3+ 103.Ka1 Qb1+  0-1

[Event "9th Varna Open 2015"]
[Site "Varna BUL"]
[Date "2015.06.26"]
[Round "1.8"]
[White "Nikolov,Sas"]
[Black "Aliyev,Ravan"]
[Result "1/2-1/2"]
[WhiteElo "2353"]
[BlackElo "2072"]

1.d4 Nf6 2.c4 c5 3.d5 e6 4.Nc3 exd5 5.cxd5 d6 6.Nf3 g6 7.h3 Bg7 8.Bf4 O-O
9.e3 a6 10.a4 Qe7 11.Nd2 Nbd7 12.Nc4 Ne8 13.Be2 Rb8 14.O-O Ne5 15.Bxe5 Bxe5
16.Qb3 Nc7 17.Rad1 Bd7 18.a5 Bxc3 19.Qxc3 Bb5 20.b4 Bxc4 21.Bxc4 cxb4 22.Qxb4 Rfc8
23.Rd4 Na8 24.Ra1 Qd8 25.Kh2 Rc5 26.Qd2 Rbc8 27.Bd3 Nc7 28.f4 Nb5 29.Bxb5 Rxb5
30.e4 Qf6 31.Re1 Qd8 32.e5 Qxa5 33.Qd1 dxe5 34.fxe5 Rd8 35.e6 fxe6 36.Rxe6 Rbxd5
37.Rxd5 Rxd5 38.Qb3 Qb5 39.Qa2 Qa5 40.Qc4 Qc5 41.Qa2 Qa5 42.Qc4 Qc5 43.Qa2 Qc7+
44.g3 Qa5 45.Qc4 Qc5 46.Qa2 Qa5 47.Qc4 Qc5 48.Qa2  1/2-1/2

[Event "Kartal Open 2015"]
[Site "Istanbul TUR"]
[Date "2015.06.27"]
[Round "7.8"]
[White "Gultekin,Celal"]
[Black "Romi,I"]
[Result "0-1"]
[WhiteElo "1614"]
[BlackElo "1976"]

1.d4 Nf6 2.c4 e6 3.Nf3 c5 4.d5 exd5 5.cxd5 d6 6.Nc3 g6 7.e4 Bg7 8.Bc4 O-O
9.O-O Bg4 10.h3 Bxf3 11.Qxf3 a6 12.a4 Nbd7 13.Bf4 Qc7 14.g4 Rfe8 15.Rfe1 Ne5
16.Bxe5 Rxe5 17.Qg3 Nd7 18.Rad1 Ree8 19.Kg2 Rad8 20.h4 Qb6 21.Rd2 Qb4 22.Ba2 Nb6
23.f4 Nxa4 24.e5 dxe5 25.fxe5 Nxb2 26.d6 Na4 27.Qf3 Rf8 28.Rd3 Nxc3 29.Rxc3 Rxd6
30.Rb1 Rd2+ 31.Kh3 Bxe5 32.Bxf7+ Rxf7  0-1

[Event "Silver Lake Open B 2015"]
[Site "Veliko Gradiste SRB"]
[Date "2015.06.27"]
[Round "8.8"]
[White "Rakic,Te"]
[Black "Budisavljevic,Luka"]
[Result "1-0"]
[WhiteElo "1976"]
[BlackElo "1835"]

1.d4 Nf6 2.c4 c5 3.d5 e6 4.Nc3 exd5 5.cxd5 d6 6.Nf3 g6 7.Nd2 Bg7 8.e4 O-O
9.Be2 Re8 10.O-O Nbd7 11.Qc2 Ne5 12.a4 Bg4 13.f3 Bd7 14.h3 Nh5 15.f4 Ng4
16.Nf3 Ng3 17.hxg4 Nxf1 18.Kxf1 Bxg4 19.Be3 f5 20.Ng5 Bxe2+ 21.Kxe2 Bxc3
22.bxc3 fxe4 23.Ne6 Qd7 24.Qxe4 b5 25.f5 Qg7 26.Qd3 Qe5 27.fxg6 h5 28.Rf1 Re7
29.axb5 Qg3 30.Qf5 Qg4+ 31.Qxg4 hxg4 32.g7 Rxg7 33.Nxg7 Kxg7 34.Rf4 Rb8 35.Rxg4+ Kf6
36.c4 a6 37.bxa6 Ra8 38.Rf4+ Ke5 39.Kf3 Rxa6 40.Re4+ Kf6 41.Re6+ Kf7 42.Bxc5 Ra4
43.Rxd6 Rxc4 44.Rc6 Rc3+ 45.Be3 Rd3 46.Ke4 Rd1 47.g4 Ke7 48.g5 Kf7 49.g6+ Kg8
50.Bh6 Re1+ 51.Kf5 Rf1+ 52.Ke6 Re1+ 53.Kd7 Re8 54.Kxe8 Kh8 55.Rf6 Kg8 56.Rf8+  1-0

[Event "19th Pirc Open 2015"]
[Site "Maribor SLO"]
[Date "2015.06.28"]
[Round "5.10"]
[White "Tomazini,A"]
[Black "Goossens,H"]
[Result "1-0"]
[WhiteElo "2314"]
[BlackElo "2206"]

1.d4 Nf6 2.Nf3 c5 3.d5 e6 4.c4 exd5 5.cxd5 d6 6.Nc3 g6 7.Bf4 a6 8.a4 Bg7
9.h3 O-O 10.e3 Ne8 11.Be2 Nd7 12.O-O Qe7 13.Re1 Ne5 14.Nd2 f5 15.Bh2 Nf6
16.f4 Nf7 17.Bd3 Bd7 18.e4 Nxe4 19.Ndxe4 fxe4 20.Nxe4 Qd8 21.Rb1 b5 22.axb5 axb5
23.Kh1 Ra4 24.Nc3 Rd4 25.Re4 Rxe4 26.Nxe4 Re8 27.Qf3 c4 28.Bc2 b4 29.b3 c3
30.g4 Bc8 31.Bg3 Kh8 32.Qd3 Qd7 33.Bf2 Nd8 34.Bd4 Nb7 35.Qc4 Rf8 36.Qxb4 Rxf4
37.Qxc3 Nc5 38.Bxg7+ Qxg7 39.Qxg7+ Kxg7 40.Nxd6 Bd7 41.b4 Na6 42.b5 Nb8 43.Kg2 Kf8
44.Ne4 Ke7 45.Kg3 Rf8 46.Re1 Kd8 47.Ng5 Rf6 48.Nxh7 Rd6 49.Be4 Be8 50.Ng5 Nd7
51.Ne6+ Kc8 52.Rc1+ Kb8 53.Kf4 Rb6 54.Nc7 Bf7 55.Na6+  1-0

[Event "19th Pirc Open 2015"]
[Site "Maribor SLO"]
[Date "2015.06.29"]
[Round "6.2"]
[White "Chatalbashev,B"]
[Black "Cvitan,O"]
[Result "1-0"]
[WhiteElo "2545"]
[BlackElo "2495"]

1.d4 Nf6 2.c4 e6 3.Nf3 c5 4.d5 d6 5.Nc3 exd5 6.cxd5 g6 7.Bf4 Bg7 8.Qa4+ Bd7
9.Qb3 Qc7 10.e4 O-O 11.Nd2 Nh5 12.Be3 f5 13.exf5 Bxf5 14.Be2 Nf6 15.Nc4 Ne4
16.O-O Nxc3 17.bxc3 Nd7 18.Bf4 Rf6 19.Bg3 Nb6 20.Ne3 Bd7 21.a4 Re8 22.a5 Nc8
23.Rfb1 b6 24.Bb5 Rf7 25.h3 Rfe7 26.Bh4 Re4 27.Ra4 bxa5 28.Bxd7 Qxd7 29.Rxe4 Rxe4
30.Qb8 Re8 31.Rb7  1-0